Nineteen Eighty-Four (Graphic Novel) (Record no. 527443)

MARC details
000 -LEADER
fixed length control field 00929nam a2200181Ia 4500
008 - FIXED-LENGTH DATA ELEMENTS--GENERAL INFORMATION
fixed length control field 240822s9999 xx 000 0 und d
020 ## - INTERNATIONAL STANDARD BOOK NUMBER
ISBN 9780241436493
Paper back/Hardbound hbk
041 ## - LANGUAGE CODE
Language code of text/sound track or separate title eng
082 ## - DEWEY DECIMAL CLASSIFICATION NUMBER
Classification number 741.5
Item number ORW
100 ## - MAIN ENTRY--AUTHOR NAME
Personal name Orwell, George
245 #0 - TITLE STATEMENT
Title Nineteen Eighty-Four (Graphic Novel)
Statement of responsibility, etc / Orwell, George
250 ## - EDITION STATEMENT
Edition statement 1st ed.
260 ## - PUBLICATION, DISTRIBUTION, ETC. (IMPRINT)
Name of publisher Penguin Classics
Year of publication 2021
Place of publication London
300 ## - PHYSICAL DESCRIPTION
Number of Pages 222 p.
Other physical details : chiefly ill.
Dimensions ; 28 cm.
520 ## - SUMMARY, ETC.
Summary, etc Winston Smith, an outwardly obedient citizen of Airstrip One, dreams secretly of truth and freedom - but his rebellion will come at a terrible cost. George Orwell's dark masterpiece has enthralled readers for over seventy years. Now the dystopian world of Big Brother, telescreens, the Thought Police and Room 101 is vividly brought to new life in this first ever graphic novel adaptation, illustrated by acclaimed artist Fido Nesti.<br/>
650 ## - SUBJECT ADDED ENTRY--TOPICAL TERM
Topical Term Science fiction comics
942 ## - ADDED ENTRY ELEMENTS (KOHA)
Koha item type English Books
Holdings
Withdrawn status Lost status Damaged status Not for loan Home library Current library Shelving location Date acquired Cost, normal purchase price Full call number Accession Number Price effective from Koha item type
        Anna Centenary Library Anna Centenary Library 6TH FLOOR, B WING 31.05.2024 1099.00 741.5 ORW 689196 22.08.2024 English Books
        Anna Centenary Library Anna Centenary Library 6TH FLOOR, B WING 31.05.2024 1099.00 741.5 ORW;1 689197 22.08.2024 Reference

Find us on the map